Chemical kinetics (Record no. 15004)

000 -LEADER
fixed length control field 00504nam a22001937a 4500
001 - CONTROL NUMBER
control field 15004
003 - CONTROL NUMBER IDENTIFIER
control field BD-DhUET
008 - FIXED-LENGTH DATA ELEMENTS--GENERAL INFORMATION
fixed length control field 150310b xxu||||| |||| 00| 0 eng d
040 ## - CATALOGING SOURCE
Original cataloging agency DLC
Transcribing agency DLC
Modifying agency BD-DhUET
082 ## - DEWEY DECIMAL CLASSIFICATION NUMBER
Classification number 541.394
Item number LAI/1965
100 ## - MAIN ENTRY--PERSONAL NAME
Personal name Laidler, Keith J.
245 ## - TITLE STATEMENT
Title Chemical kinetics
250 ## - EDITION STATEMENT
Edition statement 2nd ed.
260 ## - PUBLICATION, DISTRIBUTION, ETC. (IMPRINT)
Place of publication, distribution, etc. New Delhi
Name of publisher, distributor, etc. Tata McGraw-Hill
Date of publication, distribution, etc. 1965
300 ## - PHYSICAL DESCRIPTION
Extent viii,566p.
Other physical details illus.
504 ## - BIBLIOGRAPHY, ETC. NOTE
Bibliography, etc Includes bibliographies
650 #0 - SUBJECT ADDED ENTRY--TOPICAL TERM
Topical term or geographic name as entry element Kinetics : Reactions : Chemistry
942 ## - ADDED ENTRY ELEMENTS (KOHA)
Koha item type General Book
Holdings
Shelving location Sublocation or collection (holding branch) Copy number Date acquired Koha date last seen Koha full call number Koha normalized classification for sorting Source of classification or shelving scheme Koha item type Withdrawn status Location (home branch) Price effective from Damaged status Not for loan Piece designation (barcode) Lost status
Circulation sectionCentral Library, BUET12015-03-102015-03-10541.394/LAI/1965541_394000000000000_LAI_1965 General Book Central Library, BUET2015-03-10  33559 
Circulation sectionCentral Library, BUET22015-03-142015-03-14541.394/LAI/1965541_394000000000000_LAI_1965 General Book Central Library, BUET2015-03-14  58458 
Circulation sectionCentral Library, BUET32015-03-142025-11-29541.394/LAI/1965541_394000000000000_LAI_1965 General Book Central Library, BUET2015-03-14  58454 
Circulation sectionCentral Library, BUET42015-03-142015-03-14541.394/LAI/1965541_394000000000000_LAI_1965 General Book Central Library, BUET2015-03-14  58460 
Circulation sectionCentral Library, BUET52015-03-142015-03-14541.394/LAI/1965541_394000000000000_LAI_1965 General Book Central Library, BUET2015-03-14  29718